| 000 | 00532nam a22001817a 4500 | ||
|---|---|---|---|
| 003 | NUST-PNEC | ||
| 005 | 20170116181113.0 | ||
| 008 | 150202b xxu||||| |||| 00| 0 eng d | ||
| 020 | _a- | ||
| 040 | _cPNEC | ||
| 082 | _a907.83 SAQ | ||
| 100 |
_91276 _aSaqib Ehsan Ullah |
||
| 245 |
_aCurrent Affairs : latest national/international affairs with fully solved CSS papers _cEhsan Ullah Saqib |
||
| 260 |
_aLahore _bDogar Publishers _cc.2000 |
||
| 300 |
_a832 p. : _c24 cm. |
||
| 650 |
_xHistory _xGeneral Knowledge |
||
| 942 |
_2ddc _cBK |
||
| 999 |
_c69204 _d69204 |
||